000
00336nam a2200157Ia 4500
100
_a
Parekh/Ranjan
650
_a
Multimedia
942
_c
BK
366
_f
25
245
_a
Principles of Multimedia
260
_b
Tata Mc Graw hill Ltd.
_c
2006
082
_a
4.65
_b
PAR
300
_a
727
546
_a
ENGLISH
_c
Computers
999
_c
34963
_d
34963